00917 2200301 4500001002100000005001500021035002000036007000300056008004100059020002200100082001700122084001900139100003200158245007100190250002900261300002900290650005200319264003800371336002100409337003000430338002300460040002200483090002200505850001200527504003200539999002200571990002200593INLIS00000000087940120230620014821 a0010-0623000474ta220309s2021 yoia g 0 ind d a978-623-466-239-904223a658.3124 a658.3124 TUN p0 aTunggul PrasodjoePengarang10aPelatihan dan pengembangan sumber daya manusia /cTunggul Prasodjo aCetakan I, Desember 2021 avii, 94 halaman ;c23 cm 4aSumber daya manusia--xPendidikan dan pelatihan31aSleman :bZahir Publishing,c2021 2rdacontentateks 2rdamediaatanpa perantara 2rdacarrieravolume aYOPDYOGbinderda aCB-D.11 2021-4092 aYOPDYOG aBibliografi : halaman 91-94 aCB-D.11/2021-4092 aCB-D.11/2021-4092